000 00429nam a2200181Ia 4500
001 4722
005 20260306145816.0
008 260306t2004||||xx |||||||||||||| ||spa||
041 _aESP
082 _a330.01
_bS91
100 _aSullivan, William G.
_eAUT
245 0 _aIngeniería económica de DeGarmo
260 _c2004
300 _a736 páginas :
_c24 cm.
650 _aGEN
654 _aCAN
942 _cLIB
_dJUS
_fJUS
_2ddc
_n
999 _c4722
_d4722